ARRUPE JESUIT UNIVERSITY

CORONAVIRUS -STOP THE SPREAD - CLEAN,DISINFECT,COVER

African Charter for Popular Participation in Development and Transformation (Arusha 1990) / (Record no. 124922)

MARC details
000 -LEADER
fixed length control field 01429cam a2200301 a 4500
001 - CONTROL NUMBER
control field 4372774
003 - CONTROL NUMBER IDENTIFIER
control field ARRUPE
005 - DATE AND TIME OF LATEST TRANSACTION
control field 20160811120249.0
008 - FIXED-LENGTH DATA ELEMENTS--GENERAL INFORMATION
fixed length control field 901226s1990 et i100 0 eng
010 ## - LIBRARY OF CONGRESS CONTROL NUMBER
LC control number 90231283
040 ## - CATALOGING SOURCE
Original cataloging agency DLC
Transcribing agency DLC
Modifying agency DLC
043 ## - GEOGRAPHIC AREA CODE
Geographic area code f------
050 00 - LIBRARY OF CONGRESS CALL NUMBER
Classification number HC800
Item number .I5655 1990a
082 00 - DEWEY DECIMAL CLASSIFICATION NUMBER
Classification number 338.96
Edition number 20
300 ## - PHYSICAL DESCRIPTION
Dimensions 21 cm.
111 2# - MAIN ENTRY--MEETING NAME
Meeting name or jurisdiction name as entry element International Conference on Popular Participation in the Recovery and Development Process in Africa
Date of meeting (1990 :
Location of meeting Arusha, Tanzania)
9 (RLIN) 24821
245 10 - TITLE STATEMENT
Title African Charter for Popular Participation in Development and Transformation (Arusha 1990) /
Statement of responsibility, etc [adopted by] International Conference on Popular Participation in the Recovery and Development Process in Africa, Arusha, United Republic of Tanzania, 12-16 February 1990.
260 ## - PUBLICATION, DISTRIBUTION, ETC. (IMPRINT)
Place of publication, distribution, etc Addis Ababa :
Name of publisher, distributor, etc UNECA,
Date of publication, distribution, etc 1990.
300 ## - PHYSICAL DESCRIPTION
Extent iv, 73 p. ;
500 ## - GENERAL NOTE
General note Cover title: African Charter for Popular Participation in Development.
500 ## - GENERAL NOTE
General note Corrigendum slip inserted.
500 ## - GENERAL NOTE
General note "E/ECA/CM.16/11."
650 #0 - SUBJECT ADDED ENTRY--TOPICAL TERM
Topical term or geographic name as entry element Rural development
Geographic subdivision Africa
General subdivision Congresses.
9 (RLIN) 24822
651 #0 - SUBJECT ADDED ENTRY--GEOGRAPHIC NAME
Geographic name Africa
General subdivision Economic policy
-- Citizen participation
-- Congresses.
9 (RLIN) 24823
651 #0 - SUBJECT ADDED ENTRY--GEOGRAPHIC NAME
Geographic name Political participation
Geographic subdivision Africa
General subdivision Congresses.
9 (RLIN) 24824
906 ## - LOCAL DATA ELEMENT F, LDF (RLIN)
a 7
b cbc
c orignew
d 2
e ncip
f 19
g y-gencatlg
942 ## - ADDED ENTRY ELEMENTS (KOHA)
Source of classification or shelving scheme Library of Congress Classification
Koha item type Monograph ( Printed materials)
Holdings
Withdrawn status Lost status Source of classification or shelving scheme Damaged status Not for loan Collection code Home library Current library Shelving location Date acquired Total Checkouts Full call number Barcode Date last seen Price effective from Koha item type
    Library of Congress Classification     Main Collection ARRUPE LIBRARY ARRUPE LIBRARY Main Collection 11/08/2016   HC800 .I5655 1990a 46500010490 23/04/2018 11/08/2016 Monograph ( Printed materials)

 

Arrupe Library. PO Box MP320 Mt Pleasant, Harare, Zimbabwe
263 242 745411|librarian@aju.ac.zw